000 00680nam a2200241Ia 4500
003 OSt
005 20220918194458.0
006 a|||||r|||| 00| 0
007 ta
008 220917b |||||||| |||| 00| 0 eng d
024 _a79,649
037 _cTextual
040 _aARTS
_cARTS
_beng
041 _2eng
_aeng
082 _aS:172, L5
100 _aMalmo Robert Beverley
_985141
245 0 _aOn emotions needs nadour archaic brain
260 _aN.Y
_bHolt Rinehart and winston
_c1975
490 _aPerson in psychology ed by Theodore R Sarbin
650 _aPSYCHOLOGY
942 _hS:172, L5
_cTEXL
_2CC
999 _c203375
_d203375